[Event "4NCL/Div3/PPA2 vs. SSC"]
[Site "Daventry ENG"]
[Date "2009.05.02"]
[Round "9.6"]
[White "Yates, Christopher"]
[Black "Davison, Chris"]
[Result "1/2-1/2"]
[WhiteElo "1835"]
[BlackElo "2020"]
[PlyCount "151"]
[EventDate "2009.05.02"]
[EventCountry "ENG"]
[SourceDate "2008.10.04"]

1. d4 Nf6 2. c4 c5 3. d5 e6 4. Nc3 exd5 5. cxd5 d6 6. e4 g6 7. f4 Bg7 8. Nf3
O-O 9. Bd3 Na6 10. a3 Nc7 11. O-O Bd7 12. Bc2 Rb8 13. e5 Nfe8 14. Ne4 Bb5 15.
Re1 dxe5 16. d6 exf4 17. dxc7 Qxc7 18. Qd5 Rd8 19. Qxc5 Qxc5+ 20. Nxc5 Rc8 21.
Nb3 Rxc2 22. Nbd4 Rc5 23. Bxf4 Ba6 24. Bb8 Rc8 25. Bxa7 Nd6 26. b4 Nb5 27. Bb6
Rc4 28. Red1 Nc3 29. Rd2 Na4 30. Bc5 Nxc5 31. bxc5 Rd8 32. Rad1 Rxc5 33. Nb3
Rxd2 34. Rxd2 Rc8 35. Rd7 h6 36. Nbd2 Rc1+ 37. Kf2 Ra1 38. Rd8+ Kh7 39. Rd7 Kg8
40. Rd8+ Bf8 41. Ne5 Rxa3 42. Ne4 Ra2+ 43. Kg3 Re2 44. Nf6+ Kg7 45. Ne8+ Kh8
46. Nxf7+ Kg8 47. Ned6 Kg7 48. Rd7 Re7 49. Ne5 Kf6 50. Ng4+ Ke6 51. Rxe7+ Bxe7
52. Ne4 h5 53. Ne3 g5 54. Kf3 Ke5 55. Ng3 h4 56. Ngf5 Bc5 57. Kg4 Kf6 58. Nd5+
Kg6 59. Nde7+ Kf7 60. Nd5 Bf1 61. Nde3 h3 62. Kxh3 Be2 63. Ng3 Bb5 64. Ng4 Bd7
65. Ne4 Be7 66. Kg3 Be6 67. Ne5+ Kg7 68. Nf3 Kg6 69. h4 gxh4+ 70. Nxh4+ Kf7 71.
Nf3 Bd5 72. Kf4 b5 73. Nc3 Bc4 74. Ne5+ Ke6 75. Nxc4 bxc4 76. Ne4 1/2-1/2

[Event "4NCL/Div3/GLOSG vs. WWKS2"]
[Site "Daventry ENG"]
[Date "2009.05.02"]
[Round "9.1"]
[White "Hosken, Nigel"]
[Black "Page, Mark"]
[Result "1-0"]
[WhiteElo "2090"]
[BlackElo "2140"]
[PlyCount "101"]
[EventDate "2009.05.02"]
[EventCountry "ENG"]
[SourceDate "2008.10.04"]

1. d4 Nf6 2. c4 g6 3. Nc3 Bg7 4. e4 d6 5. Be2 O-O 6. Bg5 c5 7. d5 a6 8. a4 h6
9. Bf4 Qa5 10. Bd2 e6 11. Nf3 exd5 12. exd5 Bg4 13. O-O Qc7 14. Re1 Nbd7 15.
Qc2 Rfe8 16. h3 Bxf3 17. Bxf3 Ne5 18. Be2 g5 19. f4 gxf4 20. Bxf4 Ng6 21. Bg3
Re3 22. Bf2 Re7 23. Bd3 Ne5 24. b3 Rae8 25. Bh4 Nxd3 26. Qxd3 Rxe1+ 27. Rxe1
Rxe1+ 28. Bxe1 Qe7 29. Qe2 Qxe2 30. Nxe2 Ne4 31. g4 Kh7 32. Kg2 Be5 33. h4 Nf6
34. Kf3 Ne8 35. Nf4 Kg7 36. Nd3 f6 37. Ke4 Kg6 38. Nf4+ Bxf4 39. Kxf4 Kf7 40.
h5 Ng7 41. Bd2 f5 42. Bc3 fxg4 43. Kxg4 Ne8 44. Kf5 b5 45. axb5 axb5 46. cxb5
Nc7 47. b6 Nxd5 48. b7 Ne7+ 49. Ke4 d5+ 50. Ke5 d4 51. Bd2 1-0

[Event "4NCL/Div3/GLOSG vs. WWKS2"]
[Site "Daventry ENG"]
[Date "2009.05.02"]
[Round "9.2"]
[White "Hunt, Malcolm A"]
[Black "Lambourne, Daniel M"]
[Result "1-0"]
[WhiteElo "2079"]
[BlackElo "2004"]
[PlyCount "157"]
[EventDate "2009.05.02"]
[EventCountry "ENG"]
[SourceDate "2008.10.04"]

1. d4 Nf6 2. Nf3 e6 3. Bf4 b6 4. e3 Bb7 5. Nbd2 d6 6. Bd3 Be7 7. Qe2 Nbd7 8. c3
Nh5 9. Bg3 g6 10. e4 Nxg3 11. hxg3 Bg5 12. Nxg5 Qxg5 13. Nf3 Qf6 14. g4 h6 15.
Qe3 O-O-O 16. a4 g5 17. a5 e5 18. axb6 axb6 19. Qe2 exd4 20. Ba6 Nb8 21. Bxb7+
Kxb7 22. Nxd4 c6 23. b4 Qe5 24. Kf1 Rd7 25. Rh3 b5 26. Qa2 Kc8 27. Kg1 Qxe4 28.
Qa8 Qd5 29. Ra6 Rc7 30. Rb6 Kd7 31. Rxb8 Rxb8 32. Qxb8 Rc8 33. Qa7+ Rc7 34. Qa1
Qe4 35. Qd1 Ra7 36. Re3 Qd5 37. Qe1 Kc7 38. Re7+ Kb6 39. Rxa7 Kxa7 40. Qe7+ Kb6
41. Qe3 c5 42. Nf3 Qd1+ 43. Kh2 Qd5 44. Nd2 Kc6 45. Kg1 cxb4 46. cxb4 Qe6 47.
Qf3+ Kb6 48. Kf1 Qa2 49. Qe3+ Kc6 50. Qc3+ Kb6 51. Qd4+ Kc6 52. Ke2 Kd7 53. Ke3
Qa3+ 54. Ke4 Qc1 55. Kf5 Qc8 56. Ke4 Qc6+ 57. Qd5 Qc2+ 58. Ke3 Qc3+ 59. Ke2
Qxb4 60. Qxf7+ Kc6 61. Qe8+ Kd5 62. Qa8+ Kc5 63. Qe4 Qb2 64. Qe3+ Kc6 65. g3
Qg7 66. Ne4 b4 67. Qd2 d5 68. Qc2+ Kd7 69. Qa4+ Ke6 70. Qa6+ Ke5 71. Qa1+ d4
72. Kd3 Kd5 73. Qa5+ Ke6 74. Qb6+ Kf7 75. Qc7+ Kg6 76. Qxg7+ Kxg7 77. Kxd4 Kf7
78. f4 Kg6 79. f5+ 1-0

[Event "4NCL/Div3/GLOSG vs. WWKS2"]
[Site "Daventry ENG"]
[Date "2009.05.02"]
[Round "9.3"]
[White "Taylor, Geoffrey P"]
[Black "Fallowfield, Jeremy"]
[Result "0-1"]
[WhiteElo "2017"]
[BlackElo "2022"]
[PlyCount "60"]
[EventDate "2009.05.02"]
[EventCountry "ENG"]
[SourceDate "2008.10.04"]

1. e4 g6 2. d4 Bg7 3. Nf3 d6 4. Nc3 a6 5. a4 b6 6. Bd3 e6 7. Bg5 Ne7 8. Qd2 h6
9. Be3 Nd7 10. O-O Bb7 11. Ne2 Nf6 12. Nc3 Nd7 13. b4 e5 14. d5 f5 15. exf5
gxf5 16. Nh4 f4 17. Ng6 Rg8 18. Bxf4 exf4 19. Nxf4 Ne5 20. Ne6 Nf3+ 21. gxf3
Bxc3+ 22. Kh1 Bxd2 23. Nxd8 Bxd5 24. Be4 Bxe4 25. fxe4 Rxd8 26. f4 Ng6 27. f5
Ne5 28. b5 a5 29. f6 Kf7 30. Rf5 Rg5 0-1

[Event "4NCL/Div3/GLOSG vs. WWKS2"]
[Site "Daventry ENG"]
[Date "2009.05.02"]
[Round "9.4"]
[White "Fallowfield, Nicholas"]
[Black "Meade, Philip J"]
[Result "1/2-1/2"]
[WhiteElo "2060"]
[BlackElo "2055"]
[PlyCount "41"]
[EventDate "2009.05.02"]
[EventCountry "ENG"]
[SourceDate "2008.10.04"]

1. Nf3 d5 2. c4 e6 3. g3 Nf6 4. Bg2 Be7 5. O-O O-O 6. b3 c6 7. Bb2 Nbd7 8. d4
Ne4 9. Nfd2 f5 10. f3 Nxd2 11. Qxd2 Nf6 12. Nc3 Bd7 13. e4 fxe4 14. fxe4 Be8
15. e5 Nd7 16. Rxf8+ Nxf8 17. cxd5 cxd5 18. Ne2 Rc8 19. Nf4 Rc6 20. Rc1 Qd7 21.
Bh3 1/2-1/2

[Event "4NCL/Div3/GLOSG vs. WWKS2"]
[Site "Daventry ENG"]
[Date "2009.05.02"]
[Round "9.5"]
[White "Waterfield, John"]
[Black "Stepanyan, Henrik"]
[Result "1-0"]
[WhiteElo "2030"]
[BlackElo "1975"]
[PlyCount "103"]
[EventDate "2009.05.02"]
[EventCountry "ENG"]
[SourceDate "2008.10.04"]

1. e4 e5 2. Nf3 Nc6 3. Nc3 Nf6 4. d4 exd4 5. Nxd4 Bb4 6. Nxc6 dxc6 7. Bd3 Qd4
8. Bd2 Be6 9. O-O O-O-O 10. a3 Bxc3 11. Bxc3 Qb6 12. Qe1 c5 13. b3 Ng4 14. a4
Qd6 15. e5 Qe7 16. f3 Nh6 17. Qf2 g5 18. Rad1 Bd5 19. Qe2 Qe6 20. g4 Kb8 21.
Rfe1 Qc6 22. Kf2 Rhf8 23. Be4 Ng8 24. Rxd5 Rxd5 25. Bxd5 Qxd5 26. Rd1 Qe6 27.
Qd2 h6 28. Qd5 Qxd5 29. Rxd5 b6 30. f4 gxf4 31. Kf3 Ne7 32. Rd7 Ng6 33. Rd5 Kc8
34. Ke4 Rd8 35. Rxd8+ Kxd8 36. Bd2 Ke7 37. Bxf4 Ke6 38. Bxh6 Nxe5 39. h3 Nc6
40. Bf4 Nd4 41. Bxc7 Nxc2 42. Bb8 a6 43. Ba7 Na1 44. Bxb6 Nxb3 45. h4 Nd2+ 46.
Kf4 c4 47. Bd4 Nb3 48. Ke4 Nd2+ 49. Ke3 Nf1+ 50. Kf4 Kd5 51. Bc3 Ke6 52. g5 1-0

[Event "4NCL/Div3/GLOSG vs. WWKS2"]
[Site "Daventry ENG"]
[Date "2009.05.02"]
[Round "9.6"]
[White "Stepanyan, Astghik"]
[Black "Dodwell, Phil"]
[Result "0-1"]
[WhiteElo "1775"]
[BlackElo "2005"]
[PlyCount "100"]
[EventDate "2009.05.02"]
[EventCountry "ENG"]
[SourceDate "2008.10.04"]

1. d4 f5 2. c4 Nf6 3. Nc3 e6 4. e3 Bb4 5. Nf3 Bxc3+ 6. bxc3 O-O 7. Bd3 b6 8.
Ba3 d6 9. Rb1 Qe8 10. Nd2 c5 11. O-O e5 12. e4 f4 13. d5 Kh8 14. Bc1 Bg4 15.
Be2 Bd7 16. Bd3 g5 17. f3 Ba4 18. Nb3 Qg6 19. Kf2 Na6 20. Be2 Nc7 21. Ke1 a5
22. Kd2 b5 23. Rh1 bxc4 24. Bxc4 Nxe4+ 25. fxe4 Qxe4 26. Bd3 Qxg2+ 27. Be2 f3
28. Re1 fxe2 29. Rxe2 Qxd5+ 30. Kc2 Qxd1+ 31. Kxd1 c4 32. Bxg5 cxb3 33. axb3
Bc6 34. Kd2 Rf7 35. h4 Ne6 36. Be3 Rf5 37. Rg1 Nc5 38. Bxc5 dxc5 39. Rge1 e4
40. Ra1 Kg7 41. b4 cxb4 42. cxb4 a4 43. Rc1 Rd8+ 44. Ke1 Rd6 45. Rf2 Rxf2 46.
Kxf2 Kf6 47. Ke3 Rd3+ 48. Kf4 Rf3+ 49. Kg4 Be8 50. Rc4 h5# 0-1

[Event "4NCL/Div3/HACK vs. MET"]
[Site "Daventry ENG"]
[Date "2009.05.02"]
[Round "9.1"]
[White "Reid, John"]
[Black "Dickson, George"]
[Result "1-0"]
[WhiteElo "2230"]
[BlackElo "2117"]
[PlyCount "61"]
[EventDate "2009.05.02"]
[EventCountry "ENG"]
[SourceDate "2008.10.04"]

1. e4 e5 2. Nf3 Nc6 3. Bc4 Nf6 4. Ng5 d5 5. exd5 b5 6. Bf1 Nd4 7. c3 Nxd5 8.
cxd4 Qxg5 9. Bxb5+ Kd8 10. Qf3 Bb7 11. O-O Rb8 12. dxe5 Nf4 13. Qg3 Qxg3 14.
hxg3 Nxg2 15. d4 Bb4 16. Bg5+ Be7 17. Bxe7+ Kxe7 18. Rc1 Rhd8 19. Bf1 Nh4 20.
gxh4 Rxd4 21. Kh2 Rxh4+ 22. Kg3 Rh6 23. Rxc7+ Ke6 24. f4 Bd5 25. b3 g5 26. Nc3
gxf4+ 27. Kxf4 Rb4+ 28. Ke3 Kxe5 29. Rc5 Rd4 30. Bg2 f5 31. Nxd5 1-0

[Event "4NCL/Div3/HACK vs. MET"]
[Site "Daventry ENG"]
[Date "2009.05.02"]
[Round "9.2"]
[White "Calvert, D Ian"]
[Black "Chin, Francis"]
[Result "1/2-1/2"]
[WhiteElo "2054"]
[BlackElo "2235"]
[PlyCount "42"]
[EventDate "2009.05.02"]
[EventCountry "ENG"]
[SourceDate "2008.10.04"]

1. b3 Nc6 2. Bb2 Nf6 3. Nf3 d5 4. e3 g6 5. d4 Bg7 6. c4 O-O 7. Nc3 Bf5 8. Bd3
e6 9. O-O Re8 10. cxd5 Bxd3 11. Qxd3 exd5 12. Rac1 Ne4 13. Qb5 Nxc3 14. Rxc3
Rb8 15. Rfc1 a6 16. Qf1 Bf8 17. a3 Bd6 18. b4 Ne7 19. b5 axb5 20. Qxb5 c6 21.
Qb3 Nf5 1/2-1/2

[Event "4NCL/Div3/HACK vs. MET"]
[Site "Daventry ENG"]
[Date "2009.05.02"]
[Round "9.3"]
[White "Vives, Pepe"]
[Black "Vachtfeidl, Petr"]
[Result "1-0"]
[WhiteElo "1840"]
[BlackElo "2005"]
[PlyCount "79"]
[EventDate "2009.05.02"]
[EventCountry "ENG"]
[SourceDate "2008.10.04"]

1. e4 c5 2. Nf3 e6 3. d4 cxd4 4. Nxd4 Nf6 5. Bd3 Nc6 6. Nxc6 bxc6 7. O-O d5 8.
e5 Nd7 9. f4 Bc5+ 10. Kh1 Rb8 11. Nc3 O-O 12. Na4 Be7 13. b3 c5 14. Bb2 f5 15.
Qe2 Nb6 16. Nxb6 Qxb6 17. Bc3 a5 18. a4 Bd7 19. Qd2 Ra8 20. Rad1 Rfc8 21. Qf2
Rab8 22. Bd2 Bc6 23. h3 Qc7 24. Kh2 Ba8 25. Bb5 c4 26. Be3 cxb3 27. cxb3 Ba3
28. Ba7 Rb7 29. Ba6 Rxb3 30. Bxc8 Qxc8 31. Rb1 Qc4 32. Rxb3 Qxb3 33. Qb6 Qxb6
34. Bxb6 Bc6 35. Bxa5 d4 36. Bd2 d3 37. a5 Kf7 38. a6 Ke7 39. a7 Ba8 40. Rb1
1-0

[Event "4NCL/Div3/HACK vs. MET"]
[Site "Daventry ENG"]
[Date "2009.05.02"]
[Round "9.4"]
[White "Cooke, Charlie"]
[Black "Lee, Martin"]
[Result "0-1"]
[WhiteElo "1880"]
[BlackElo "2050"]
[PlyCount "68"]
[EventDate "2009.05.02"]
[EventCountry "ENG"]
[SourceDate "2008.10.04"]

1. d4 Nf6 2. c4 g6 3. Nc3 Bg7 4. e3 O-O 5. Bd3 d6 6. Nge2 e5 7. d5 Nbd7 8. e4
Nc5 9. Bc2 a5 10. O-O Ne8 11. f3 f5 12. Be3 f4 13. Bf2 g5 14. Na4 b6 15. Nxc5
dxc5 16. Nc3 Nd6 17. Bd3 h5 18. Be2 Rf6 19. b3 Rg6 20. Kh1 g4 21. Qe1 Bf6 22.
Rd1 Qe7 23. Rd3 Bd7 24. a4 Kf7 25. Nb5 g3 26. Nxd6+ cxd6 27. hxg3 fxg3 28. Bxg3
Rag8 29. Bf2 Rxg2 30. Rg1 Rxg1+ 31. Bxg1 Bh3 32. Bf1 Bh4 33. Bf2 Bxf2 34. Qxf2
Bxf1 0-1

[Event "4NCL/Div3/HACK vs. MET"]
[Site "Daventry ENG"]
[Date "2009.05.02"]
[Round "9.5"]
[White "Mata, Andrew B"]
[Black "Roy, Soumen"]
[Result "1/2-1/2"]
[WhiteElo "1960"]
[BlackElo "1865"]
[PlyCount "134"]
[EventDate "2009.05.02"]
[EventCountry "ENG"]
[SourceDate "2008.10.04"]

1. d4 Nf6 2. c4 g6 3. Nc3 Bg7 4. e4 d6 5. Nf3 O-O 6. Be2 e5 7. O-O Nc6 8. d5
Ne7 9. b4 Nh5 10. Re1 f5 11. Ng5 Nf6 12. f3 h6 13. Ne6 Bxe6 14. dxe6 Qc8 15.
Nd5 Re8 16. Bd3 f4 17. Bc2 Nc6 18. Rb1 Rxe6 19. Bb2 Re8 20. Ba4 Nd7 21. Bb3 Kh7
22. Qd2 a5 23. a3 Nf8 24. b5 Ne7 25. b6 Nxd5 26. Qxd5 Ne6 27. bxc7 Qxc7 28. Ba4
Re7 29. Bc3 Nc5 30. Bc2 Rc8 31. Red1 Rd7 32. Rb5 b6 33. Rdb1 Qc6 34. Qxc6 Rxc6
35. Rxb6 Rxb6 36. Rxb6 a4 37. Kf2 g5 38. Ke2 Bf8 39. Rb8 Kg7 40. Ra8 Rb7 41.
Bb4 Nd7 42. Rxa4 Nb6 43. Ra6 Nxc4 44. Bb3 Nb6 45. Kd3 h5 46. Bd5 Nxd5 47. exd5
g4 48. Ke4 Rd7 49. Kf5 Rf7+ 50. Ke4 Rd7 51. Rc6 Kf6 52. a4 Kg5 53. fxg4 hxg4
54. a5 Rh7 55. a6 f3 56. gxf3 gxf3 57. Kxf3 Rxh2 58. Bxd6 Bxd6 59. Rxd6 Kf5 60.
Rb6 Rh3+ 61. Kg2 Ra3 62. Kf2 e4 63. Re6 Ra5 64. Rh6 Kg5 65. d6 Rxa6 66. d7 Ra8
67. Rd6 Rd8 1/2-1/2

[Event "4NCL/Div3/ICENI vs. BCA"]
[Site "Daventry ENG"]
[Date "2009.05.02"]
[Round "9.1"]
[White "Reynolds, D Ian"]
[Black "Crouch, Colin"]
[Result "1/2-1/2"]
[WhiteElo "2095"]
[BlackElo "2356"]
[PlyCount "69"]
[EventDate "2009.05.02"]
[EventCountry "ENG"]
[SourceDate "2008.10.04"]

1. e4 d5 2. exd5 Qxd5 3. d4 Nc6 4. Nf3 Bg4 5. Be2 e6 6. O-O Nf6 7. h3 Bh5 8. c4
Qd6 9. Be3 Be7 10. Nc3 O-O 11. Qd2 Rfd8 12. Rfd1 Qb4 13. b3 e5 14. a3 Qd6 15.
d5 Bxf3 16. Bxf3 Nb8 17. b4 Qd7 18. c5 a5 19. b5 Qe8 20. Qe2 c6 21. d6 Bf8 22.
Bg5 Qe6 23. Ne4 Re8 24. Bxf6 gxf6 25. g4 Nd7 26. a4 Rac8 27. b6 Bg7 28. Qe3
Red8 29. Ng3 Nf8 30. Be4 Ra8 31. Bf5 Qc4 32. Rdc1 Qb4 33. Rcb1 Qc4 34. Rc1 Qb4
35. Rcb1 1/2-1/2

[Event "4NCL/Div3/ICENI vs. BCA"]
[Site "Daventry ENG"]
[Date "2009.05.02"]
[Round "9.2"]
[White "Ross, Chris"]
[Black "Lunn, Timothy"]
[Result "1-0"]
[WhiteElo "2195"]
[BlackElo "2055"]
[PlyCount "91"]
[EventDate "2009.05.02"]
[EventCountry "ENG"]
[SourceDate "2008.10.04"]

1. e4 c5 2. Nf3 Nc6 3. Bb5 g6 4. Bxc6 dxc6 5. h3 Nf6 6. d3 Bg7 7. Nc3 Nd7 8.
Be3 e5 9. Qd2 Qe7 10. O-O Nf8 11. Bh6 Ne6 12. Bxg7 Nxg7 13. Ne2 O-O 14. a3 Rd8
15. Qc3 f6 16. Nh2 Ne6 17. f4 exf4 18. Nxf4 Nxf4 19. Rxf4 Rf8 20. Raf1 Kg7 21.
Nf3 Be6 22. h4 h6 23. b4 b6 24. bxc5 Qxc5+ 25. Qxc5 bxc5 26. e5 f5 27. Ra4 Rfb8
28. Nd2 g5 29. hxg5 hxg5 30. Nc4 Kg6 31. Ra6 Bd5 32. Ne3 Rb6 33. Ra5 Be6 34.
Rxc5 Rc8 35. Rc3 Rb5 36. d4 f4 37. Nc4 Rc7 38. Nd6 Rb2 39. g3 Bh3 40. Re1 fxg3
41. Rxg3 Rh7 42. e6 Kf6 43. Rf3+ Ke7 44. Rf7+ Kxd6 45. Rxh7 Bxe6 46. Rh6 1-0

[Event "4NCL/Div3/ICENI vs. BCA"]
[Site "Daventry ENG"]
[Date "2009.05.02"]
[Round "9.3"]
[White "Feavyour, John"]
[Black "Lilley, Graham"]
[Result "0-1"]
[WhiteElo "2057"]
[BlackElo "2097"]
[PlyCount "154"]
[EventDate "2009.05.02"]
[EventCountry "ENG"]
[SourceDate "2008.10.04"]

1. d4 Nf6 2. c4 c5 3. d5 d6 4. Nc3 g6 5. e4 Bg7 6. f4 O-O 7. Nf3 e6 8. Be2 exd5
9. cxd5 Re8 10. e5 dxe5 11. fxe5 Ng4 12. Bg5 Qb6 13. O-O Nxe5 14. d6 Be6 15.
Nxe5 Bxe5 16. Be7 Bd4+ 17. Kh1 Nc6 18. Bb5 Nxe7 19. Bxe8 Rxe8 20. dxe7 Rxe7 21.
Qe2 Qc6 22. Qf3 Qxf3 23. gxf3 a6 24. Rad1 b5 25. a3 Bc4 26. Rfe1 Rb7 27. Re8+
Kg7 28. Rd8 a5 29. R1xd4 cxd4 30. Rxd4 Be6 31. Kg2 b4 32. axb4 Rxb4 33. Rd2 Bf5
34. Nd5 Rb3 35. Nc3 Rb7 36. Kf2 h6 37. Na4 Rb4 38. Nc3 g5 39. Nd5 Rh4 40. Kg3
Be6 41. Ne3 Rb4 42. Nd1 Kf6 43. Re2 Rd4 44. Nc3 Rd3 45. Ne4+ Kg6 46. Nc5 Rd6
47. Ne4 Rb6 48. Rd2 Rb7 49. Nc5 Rb6 50. Na4 Rb4 51. Nc5 Rc4 52. Ne4 a4 53. Nd6
Rc1 54. Ne4 Ra1 55. Nc3 a3 56. bxa3 Rxa3 57. Nb5 Ra2 58. Rxa2 Bxa2 59. Nc3 Bc4
60. Ne4 f5 61. Nd2 f4+ 62. Kf2 Bd5 63. Nb1 Kh5 64. Nc3 Bc6 65. Ne2 Kg6 66. h4
Kf6 67. hxg5+ hxg5 68. Nd4 Bd5 69. Ne2 Ke5 70. Ng1 Be6 71. Ne2 Kf6 72. Kg2 Bc4
73. Ng1 Kg6 74. Kf2 Kh5 75. Kg2 Kh4 76. Kf2 Bd5 77. Ke2 Kg3 0-1

[Event "4NCL/Div3/ICENI vs. BCA"]
[Site "Daventry ENG"]
[Date "2009.05.02"]
[Round "9.4"]
[White "Armstrong, William G"]
[Black "Botham, Paul"]
[Result "1/2-1/2"]
[WhiteElo "1978"]
[BlackElo "2042"]
[PlyCount "47"]
[EventDate "2009.05.02"]
[EventCountry "ENG"]
[SourceDate "2008.10.04"]

1. d4 Nf6 2. Nf3 g6 3. Nc3 d5 4. Bf4 c6 5. e3 Bg7 6. Be2 Bg4 7. Ne5 Bxe2 8.
Qxe2 Nbd7 9. h4 e6 10. O-O-O Qe7 11. Kb1 Nxe5 12. Bxe5 O-O-O 13. g4 Ne8 14.
Bxg7 Nxg7 15. Na4 e5 16. Qd2 Rhe8 17. Rde1 e4 18. Ref1 f5 19. Qd1 Rf8 20. Nc5
b6 21. Nb3 Rf7 22. f4 exf3 23. Rxf3 Rdf8 24. g5 1/2-1/2

[Event "4NCL/Div3/ICENI vs. BCA"]
[Site "Daventry ENG"]
[Date "2009.05.02"]
[Round "9.5"]
[White "Donaghay, Richard"]
[Black "Cole, Tristram C"]
[Result "1/2-1/2"]
[WhiteElo "1966"]
[BlackElo "1970"]
[PlyCount "49"]
[EventDate "2009.05.02"]
[EventCountry "ENG"]
[SourceDate "2008.10.04"]

1. e4 e6 2. d3 d5 3. Nd2 c5 4. g3 Nc6 5. Bg2 Nf6 6. Ngf3 Be7 7. O-O O-O 8. Re1
Rb8 9. h4 a6 10. e5 Ne8 11. Nf1 f5 12. Bg5 Nc7 13. N1h2 b5 14. Bxe7 Qxe7 15.
Ng5 Bd7 16. Qh5 g6 17. Qd1 h6 18. Nh3 Qg7 19. f4 h5 20. c3 a5 21. Nf3 Rb6 22.
Nd2 Rfb8 23. Nb3 c4 24. Nc5 Qe7 25. d4 1/2-1/2

[Event "4NCL/Div3/ICENI vs. BCA"]
[Site "Daventry ENG"]
[Date "2009.05.02"]
[Round "9.6"]
[White "Hilton, Steve"]
[Black "Downham, Alan"]
[Result "0-1"]
[WhiteElo "1897"]
[BlackElo "1995"]
[PlyCount "34"]
[EventDate "2009.05.02"]
[EventCountry "ENG"]
[SourceDate "2008.10.04"]

1. d4 d5 2. Nf3 Nf6 3. e3 Bf5 4. c4 c6 5. Qb3 Qb6 6. Nc3 e6 7. c5 Qc7 8. Be2
Nbd7 9. h3 Be7 10. Qa4 O-O 11. b4 b5 12. Qb3 a5 13. bxa5 Qxa5 14. O-O b4 15.
Nd1 Ne4 16. Bb2 Rfb8 17. Bd3 Nexc5 0-1

[Event "4NCL/Div3/AMCAR vs. GUI5"]
[Site "Daventry ENG"]
[Date "2009.05.02"]
[Round "9.1"]
[White "Mitchell, Stephen R"]
[Black "Shaw, Matthew"]
[Result "1/2-1/2"]
[WhiteElo "2032"]
[BlackElo "1925"]
[PlyCount "30"]
[EventDate "2009.05.02"]
[EventCountry "ENG"]
[SourceDate "2008.10.04"]

1. d4 Nf6 2. c4 g6 3. f3 Bg7 4. e4 d6 5. Nc3 O-O 6. Be3 Nbd7 7. Qd2 c5 8. d5 a6
9. Nh3 Qa5 10. Nf2 Ne5 11. a3 Bd7 12. Be2 b5 13. O-O Nxc4 14. Bxc4 bxc4 15. Qe2
Rab8 1/2-1/2

[Event "4NCL/Div3/AMCAR vs. GUI5"]
[Site "Daventry ENG"]
[Date "2009.05.02"]
[Round "9.2"]
[White "Quinn, Joseph"]
[Black "McLaughlin, Noel"]
[Result "1-0"]
[WhiteElo "1881"]
[BlackElo "2020"]
[PlyCount "47"]
[EventDate "2009.05.02"]
[EventCountry "ENG"]
[SourceDate "2008.10.04"]

1. e4 c5 2. Nf3 Nc6 3. d4 cxd4 4. Nxd4 e6 5. Nc3 Nf6 6. Be3 Bb4 7. Nxc6 bxc6 8.
Qd3 a5 9. O-O-O Ba6 10. Qd4 d5 11. a3 Bxf1 12. Rhxf1 Bxc3 13. Qxc3 O-O 14. f3
Qb8 15. g3 Rc8 16. Bd4 Ne8 17. f4 Qb5 18. f5 c5 19. fxe6 fxe6 20. Qf3 Nd6 21.
Bxg7 Qd7 22. Be5 Nf7 23. Qg4+ Kf8 24. Qg7+ 1-0

[Event "4NCL/Div3/AMCAR vs. GUI5"]
[Site "Daventry ENG"]
[Date "2009.05.02"]
[Round "9.3"]
[White "Sparkes, Daniel A"]
[Black "Gibbs, Daniel"]
[Result "1/2-1/2"]
[WhiteElo "2000"]
[BlackElo "1925"]
[PlyCount "71"]
[EventDate "2009.05.02"]
[EventCountry "ENG"]
[SourceDate "2008.10.04"]

1. e4 g6 2. d4 Bg7 3. Nc3 d6 4. f4 Nf6 5. e5 Nfd7 6. Nf3 O-O 7. Be3 c5 8. Qd2
cxd4 9. Bxd4 Nc6 10. exd6 Nxd4 11. Nxd4 exd6 12. O-O-O a6 13. Nde2 Nb6 14. Ng3
Bg4 15. Re1 Rc8 16. h3 Bxc3 17. bxc3 Be6 18. Qd4 d5 19. Bd3 Nc4 20. Rhf1 Qa5
21. f5 Qxa2 22. Bxc4 Rxc4 23. Qf6 d4 24. fxe6 Qa1+ 25. Kd2 Qxc3+ 26. Ke2 Qxc2+
27. Kf3 fxe6 28. Qxf8+ Kxf8 29. Rxe6 d3 30. Ke3+ Kg7 31. Re7+ Kh6 32. Rff7 Qc1+
33. Kf3 Qd1+ 34. Ke3 Qc1+ 35. Kf3 Qd1+ 36. Ke3 1/2-1/2

[Event "4NCL/Div3/AMCAR vs. GUI5"]
[Site "Daventry ENG"]
[Date "2009.05.02"]
[Round "9.4"]
[White "Waldock, Adrian"]
[Black "Tunstall, George"]
[Result "0-1"]
[WhiteElo "1925"]
[BlackElo "2014"]
[PlyCount "108"]
[EventDate "2009.05.02"]
[EventCountry "ENG"]
[SourceDate "2008.10.04"]

1. e4 c5 2. Nf3 Nc6 3. d4 cxd4 4. Nxd4 e5 5. Nb5 a6 6. Nd6+ Bxd6 7. Qxd6 Qf6 8.
Qd1 Nge7 9. Nc3 O-O 10. Be3 Qg6 11. Qd2 b5 12. f3 f5 13. O-O-O fxe4 14. fxe4 b4
15. Nd5 Qxe4 16. Nb6 Rb8 17. Bd3 Qg4 18. h3 Qg3 19. Nxc8 Rfxc8 20. Bxa6 Rd8 21.
Rhf1 d5 22. Kb1 Qg6 23. g4 Qe6 24. Bc5 e4 25. Be2 Ng6 26. Qe3 Ra8 27. b3 Nge5
28. Bb5 Rdb8 29. Bxc6 Qxc6 30. Rf2 Nf3 31. Bd4 Qa6 32. a4 bxa3 33. Ka2 Qc6 34.
Rc1 Rc8 35. c4 Nxd4 36. Qxd4 Qc5 37. Qxc5 Rxc5 38. Rf5 Rac8 39. Kxa3 d4 40.
Rxc5 Rxc5 41. b4 Rc8 42. c5 d3 43. Kb3 d2 44. Rd1 e3 45. Kc2 e2 46. Kxd2
exd1=Q+ 47. Kxd1 Rb8 48. Kc2 Rxb4 49. Kc3 Rb8 50. Kc4 Kf7 51. Kd5 Ke7 52. Kc6
Rc8+ 53. Kb6 Kd7 54. h4 Rb8+ 0-1

[Event "4NCL/Div3/AMCAR vs. GUI5"]
[Site "Daventry ENG"]
[Date "2009.05.02"]
[Round "9.5"]
[White "Lyne, Colin J"]
[Black "Sathiraju, Vijay"]
[Result "1/2-1/2"]
[WhiteElo "1965"]
[BlackElo "1754"]
[PlyCount "53"]
[EventDate "2009.05.02"]
[EventCountry "ENG"]
[SourceDate "2008.10.04"]

1. e4 e6 2. d4 d5 3. Nc3 Nf6 4. e5 Nfd7 5. f4 c5 6. Nf3 Nc6 7. Be3 a6 8. Qd2 b5
9. dxc5 Bxc5 10. Bxc5 Nxc5 11. Qf2 Qb6 12. Bd3 b4 13. Ne2 Nxd3+ 14. cxd3 Qxf2+
15. Kxf2 O-O 16. Rac1 Bd7 17. Ned4 Nxd4 18. Nxd4 Rfc8 19. Nb3 Bb5 20. Ke3 f6
21. Kd4 Kf7 22. Na5 fxe5+ 23. fxe5 Kg6 24. Nb7 Rxc1 25. Rxc1 Rf8 26. Rc2 Rf4+
27. Ke3 1/2-1/2

[Event "4NCL/Div3/AMCAR vs. GUI5"]
[Site "Daventry ENG"]
[Date "2009.05.02"]
[Round "9.6"]
[White "Adair, Andrew"]
[Black "Upham, John E"]
[Result "1/2-1/2"]
[WhiteElo "1675"]
[BlackElo "1800"]
[PlyCount "28"]
[EventDate "2009.05.02"]
[EventCountry "ENG"]
[SourceDate "2008.10.04"]

1. e4 c6 2. d4 d5 3. Nc3 dxe4 4. Nxe4 Bf5 5. Ng3 Bg6 6. Nf3 Nd7 7. h4 h6 8. Bd3
Bxd3 9. Qxd3 e6 10. Bf4 Qa5+ 11. c3 Ngf6 12. O-O Be7 13. Rfe1 Nh5 14. Nxh5 Qxh5
1/2-1/2

[Event "4NCL/Div3/OXF2 vs. LIT2"]
[Site "Daventry ENG"]
[Date "2009.05.02"]
[Round "9.1"]
[White "Bruce, Dave"]
[Black "Gibson, Christopher A"]
[Result "1/2-1/2"]
[WhiteElo "2106"]
[BlackElo "1990"]
[PlyCount "61"]
[EventDate "2009.05.02"]
[EventCountry "ENG"]
[SourceDate "2008.10.04"]

1. e4 c5 2. Nf3 Nc6 3. d4 cxd4 4. Nxd4 Nf6 5. Nc3 e5 6. Ndb5 d6 7. Bg5 a6 8.
Na3 b5 9. Nd5 Be7 10. Bxf6 Bxf6 11. c3 O-O 12. Nc2 Bg5 13. a4 bxa4 14. Rxa4 a5
15. Bc4 Rb8 16. b3 Kh8 17. O-O f5 18. exf5 Bxf5 19. Nce3 Bg6 20. Ra2 e4 21. f4
exf3 22. Rxf3 Rxf3 23. Qxf3 Ne5 24. Qd1 Bxe3+ 25. Nxe3 Qb6 26. Qd4 Nxc4 27.
Nxc4 Qxd4+ 28. cxd4 d5 29. Ne5 Be4 30. Rxa5 h6 31. Ra3 1/2-1/2

[Event "4NCL/Div3/OXF2 vs. LIT2"]
[Site "Daventry ENG"]
[Date "2009.05.02"]
[Round "9.2"]
[White "Jaszkiwskyj, Peter"]
[Black "Chapman, Graham W"]
[Result "1/2-1/2"]
[WhiteElo "2020"]
[BlackElo "2080"]
[PlyCount "76"]
[EventDate "2009.05.02"]
[EventCountry "ENG"]
[SourceDate "2008.10.04"]

1. d4 Nf6 2. c4 c5 3. d5 e5 4. Nc3 d6 5. e4 Be7 6. Bd3 Nbd7 7. Nge2 h5 8. a3 h4
9. Qc2 O-O 10. Bd2 Ne8 11. g3 g6 12. O-O-O Ng7 13. f4 a6 14. Ng1 Nf6 15. fxe5
Ng4 16. exd6 Bxd6 17. Nh3 Nxh2 18. Bf4 Ng4 19. Rde1 Ne5 20. Kb1 hxg3 21. Bxg3
Nh5 22. Bxe5 Bxe5 23. Qg2 Qh4 24. Ne2 Bxh3 25. Qxh3 Qxh3 26. Rxh3 Kg7 27. Rg1
Kf6 28. Rf3+ Ke7 29. Rgf1 f6 30. Rh3 Rg8 31. Kc2 Rg7 32. Rg1 Rag8 33. Rgh1 Kf7
34. b3 Nf4 35. Nxf4 Bxf4 36. Rh7 g5 37. Be2 Kf8 38. Bg4 b6 1/2-1/2